000 04026nam a2200493 a 4500
001 000115860
003 CHAP
005 20240617113754.0
007 ta
008 190716s2019 mx ado frm |||1|||spa d
010 _a112321
011 _a113293
040 _cCHAP
_amxchpua
_erda
041 0 _aspa
_beng
090 _aTesis
_bH47
_c2019
100 1 _aHernández Alonso, Sandra Monserrat
245 1 0 _aCaracterización del proceso de fermentación de cacao (Theobroma cacao L.) en Tuzantán, Chiapas /
_cSandra Monserrat Hernández Alonso
264 _aChapingo, México :
_bEl autor,
_c2019
300 _axii, 67 hojas :
_bilustraciones, gráficas, fotografías +
_e1 CD-ROM
336 _2rdacontent
_atexto
_btxt
337 _2rdamedia
_ano mediado
_bn
338 _2rdacarrier
_avolumen
_bnc
502 _aTesis
_b(Ingeniero Agroindustrial) --
_cUACh. Departamento de Ingeniería Agroindustrial,
_d2019
504 _aBibliografía: hojas 95-100
520 3 _aEl proceso de fermentación de cacao otorga cualidades al grano como la reducción del amargos y la astringencia natural de este, incrementando su calidad sensorial y su valor como materia prima para la elaboración de chocolate. En el estado de Chiapas se desconoce el proceso de fermentación, sus ventajas en cuanto a calidad sensorial y el valor agregado que obtiene el grano. El proceso de fermentación se realizó con tres variedades de cacao, una criolla (V1) y dos forasteras (V2 y V3). El método efectuado para fermentar fue el de fermentación en la caja. La primera remoción de la pulpa fue a las 48 h y posteriormente fueron cada 24 hasta el término del proceso a las 120 h en el caso de V1 y a las 144 h en el caso de V2 y V3. Durante el proceso de fermentación se evaluó la temperatura ambiental, la temperatura de la masa fermentante, los sólidos solubles totales (SST), pH y porcentaje de ácido acético durante la fermentación y el secado, prueba de corte de grano y análisis proximal al inicio y al final del proceso. Con los resultados presentados en este trabajo se espera mejorar el proceso de fermentación del cacao de la región.
520 3 _aThe fermentation cocoa beans gives qualities as the reduction of bitters and the natural astringency of this, increasing its sensory quality and its market value as material to the chocolate products. In the state of Chiapas the fermentation process is unknown, its advantages in terms of sensory quality and the added value obtained. The fermentation process was carried out with three varieties of cocoa, one criollo (V1) and two forastero varieties (V2 and V3). The method employed fermentation in wodden box. The first mixing was at 48 h and then every 24 h until the end of the process at 120 h in the case of V1 and at 144 h in the case of V2 and V3. During the fermentation process the environmental temperature, temperature of mass pulp, the total soluble solids (TSS), pH and acetic acid percent during fermentation and drying, cut test and proximal analysis at the beginning and at the end of the process. With the results presented in this paper, it is expected to improve the fermentation process of the region's cocoa.
590 _aBATCH-UPD
_b05
_c20190716
590 _aE6339RRR
_b05
_c20190716
590 _aE6339RRR
_b05
_c20190716
650 1 3 _aSemillas de cacao
_xFermentación alcohólica
_2atg
650 1 3 _aSemillas de cacao
_xVariedades
_zMéxico
_zChiapas
_2atg
650 1 7 _aCacao
_xPropiedades sensoriales
_2atg
650 1 3 _aCocoa beans
_xAlcoholic fermentation
_2atg
650 1 3 _aCocoa beans
_xVarieties
_zMexico
_zChiapas
_2atg
650 1 7 _aCocoa
_xSensory properties
_2atg
700 1 _aSandoval Castilla, Ofelia
_edirectora
700 1 _aRamírez Santiago, César
_easesor
700 1 _aVelázquez Varela, José
_easesor
856 4 1 _uhttp://10.13.5.2/tesis/sist115860.pdf
_yDESCARGAR PDF
901 _aTesis H47 2019
942 _cTESIS
_2Clasificación Universidad Autónoma Chapingo
999 _c112321
_d112321